| 000 | 01338cam a22003494a 4500 | ||
|---|---|---|---|
| 001 | 15131415 | ||
| 005 | 20200421093822.0 | ||
| 008 | 080108s2008 enk b 001 0 eng | ||
| 010 | _a 2008000395 | ||
| 020 | _a9780192806109 | ||
| 040 |
_aDLC _cDLC _dDLC |
||
| 041 | 1 |
_aeng _hger |
|
| 050 | 0 | 0 |
_aK230.H43 _bG7813 2008 |
| 082 | 0 | 0 |
_a340/.11 _222 |
| 100 | 1 |
_aHegel, Georg Wilhelm Friedrich, _d1770-1831. |
|
| 240 | 1 | 0 |
_aGrundlinien der Philosophie des Rechts. _lEnglish |
| 245 | 1 | 0 |
_aOutlines of the philosophy of right / _c[G.W.F. Hegel] ; translated by T.M. Knok ; revised, edited, and introduced by Stephen Houlgate. |
| 260 |
_aOxford [UK] ; _aNew York : _bOxford University Press, _c2008. |
||
| 300 |
_axlv, 374 p. ; _c20 cm. |
||
| 490 | 0 | _aOxford world's classics | |
| 504 | _aIncludes bibliographical references (p. xxxix-xlii) and index. | ||
| 650 | 0 |
_aLaw _xPhilosophy. _91011 |
|
| 650 | 0 |
_aNatural law. _91012 |
|
| 650 | 0 |
_aState, The. _91013 |
|
| 650 | 0 | _aPolitical science. | |
| 650 | 0 |
_aEthics. _9460 |
|
| 700 | 1 |
_aHoulgate, stephen. _9288 |
|
| 856 | 4 | 1 |
_3Table of contents only _uhttp://www.loc.gov/catdir/toc/ecip088/2008000395.html |
| 906 |
_a7 _bcbc _corignew _d1 _eecip _f20 _gy-gencatlg |
||
| 942 |
_2ddc _cBK |
||
| 999 |
_c220 _d220 |
||